00960nab a22002057a 4500003000400000005001700004008004100021040000700062100002300069245010000092300001500192500003600207505011000243505013100353650002300484650003900507650002900546650002900575773015000604OSt20260121004031.0190514b xxu||||| |||| 00| 0 spa d cPJ aCurti, Patricio J.10aLey de Identidad de Género : bel art. 8° bajo la lupa constitucional /cPatricio J. Curti.  ap. 105-110 aCita: TR LALEY AR/DOC/980/2024. aSumario: I. Nuestro punto de partida.— II. El quid.— III. La "reversión".— IV. Palabras finales.  tFallo comentado: JFam. 2a Nom., Catamarca ~ 20/10/2023 ~ E. E., M. Á. s/ rectificación judicial de identidad de género. 0aDERECHO DE FAMILIA 0aDERECHO A LA IDENTIDAD DE GÉNERO 0aINTERPRETACION DE LA LEY 0aJURISPRUDENCIA APLICABLE0 02844dBuenos Aires : AbeledoPerrot, 1989-tDerecho de familia. Revista Interdisciplinaria de doctrina y jurisprudencia. Junio 2024-III.z18511201